Capitalismo, el gato de más de siete vidas y el nuevo modelo de desarrollo : (Record no. 189209)
[ view plain ]
| 000 -LEADER | |
|---|---|
| campo de control de longitud fija | 01071nam a2200277 i 4500 |
| 001 - NÚMERO DE CONTROL | |
| campo de control | 189209 |
| 003 - IDENTIFICADOR DE NÚMERO DE CONTROL | |
| campo de control | SpMaBN |
| 005 - FECHA Y HORA DE LA ÚLTIMA TRANSACCIÓN | |
| campo de control | 20250809063544.0 |
| 008 - DATOS DE LONGITUD FIJA--INFORMACIÓN GENERAL | |
| campo de control de longitud fija | 190425s2017 sp a |||| | spa d |
| 020 ## - NÚMERO INTERNACIONAL ESTÁNDAR DEL LIBRO | |
| Número Internacional Estándar del Libro | 978-84-15462-57-6 |
| 080 ## - NÚMERO DE LA CLASIFICACIÓN DECIMAL UNIVERSAL | |
| Número de la Clasificación Decimal Universal | 330.342.14"19" |
| 100 1# - ENTRADA PRINCIPAL--NOMBRE DE PERSONA | |
| Nombre de persona | Tamames, Ramón, |
| Fechas asociadas al nombre | 1933- |
| 9 (RLIN) | 237391 |
| 245 10 - MENCIÓN DEL TÍTULO | |
| Título | Capitalismo, el gato de más de siete vidas y el nuevo modelo de desarrollo : |
| Resto del título | el último siglo económico, desde la Revolución rusa de 1917 / |
| Mención de responsabilidad, etc. | Ramón Tamames. |
| 246 3# - FORMA VARIANTE DEL TITULO | |
| Título propio/Titulo breve | El último siglo económico en una sentada |
| 250 ## - MENCION DE EDICION | |
| Mención de edición | 1ª ed. |
| 300 ## - DESCRIPCIÓN FÍSICA | |
| Extensión | 154 p. : |
| Otras características físicas | il. ; |
| Dimensiones | 21 cm. |
| 490 1# - MENCIÓN DE SERIE | |
| Mención de serie | Las claves del presente ; |
| Designación de volumen o secuencia | 2 |
| 500 ## - NOTA GENERAL | |
| Nota general | Índices. |
| 504 ## - NOTA DE BIBLIOGRAFÍA, ETC. | |
| Nota de bibliografía, etc. | Referencias bibliográficas. |
| 650 #4 - PUNTO DE ACCESO ADICIONAL DE MATERIA--TÉRMINO DE MATERIA | |
| Término de materia o nombre geográfico como elemento de entrada | Capitalismo- |
| Subdivisión cronológica | S.XX. |
| 9 (RLIN) | 10766 |
| 830 1# - PUNTO DE ACCESO ADICIONAL DE SERIE-TÍTULO UNIFORME | |
| Título uniforme | Las claves del presente ; |
| Designación de volumen o secuencia | 2 |
| 9 (RLIN) | 225791 |
| 852 4# - LOCALIZACIÓN | |
| Ubicación | ES-MaACL |
| Número de control de estantería | A-14498 |
| itemnumber | 196347 |
| Sublocalización o colección | R.152091 |
| Ubicación en estantería | Depósito 1 |
| Signatura antigua | Olim: N-7498 |
| Anotaciones manuscritas | Dedicatoria autógrafa del autor |
| Donativo/Legado | Donación: Ramón Tamames |
| 903 ## - NOMBRE PERSONAL DE DONANTE | |
| a | Tamames, Ramón, |
| d | 1933- |
| e | Donante |
| 9 | 237391 |
| 942 ## - ELEMENTOS DE ENTRADA SECUNDARIOS (KOHA) | |
| Fuente del sistema de clasificación o colocación | Clasificación decimal universal |
| Tipo de ítem Koha | Libro impreso |
| Estatus retirado | Estado de pérdida | Fuente del sistema de clasificación o colocación | Estado de daño | No para préstamo | Colección | Biblioteca de origen | Biblioteca actual | Ubicación en estantería | Fecha de adquisición | Fuente de adquisición | Total de préstamos | Signatura topográfica completa | Código de barras | Visto por última vez | Precio de reemplazo | Tipo de ítem Koha | Nota pública |
|---|---|---|---|---|---|---|---|---|---|---|---|---|---|---|---|---|---|
| Clasificación decimal universal | Libros con dedicatorias | Biblioteca del Ateneo de Madrid | Biblioteca del Ateneo de Madrid | Depósito 1 | 25/04/2019 | Donación | A-14498 | 1200404 | 23/02/2023 | 23/02/2023 | Libro impreso | Dedicatoria autógrafa del autor |
